| 000 | 00371nam a2200109 4500 | ||
|---|---|---|---|
| 999 |
_c10628 _d10628 |
||
| 003 | OSt | ||
| 005 | 20220429171032.0 | ||
| 008 | 220429b ||||| |||| 00| 0 eng d | ||
| 082 | _a747.204 | ||
| 245 |
_a1601 decorating ideas for modern living; : a practical guide to home furnishing and interior design _bA practical guide to home furnishing and interior design |
||
| 942 | _2ddc | ||